| 000 | 01302nam0a22002771 4500 | ||
|---|---|---|---|
| 001 | rc\2122560 | ||
| 005 | 20260407122939.0 | ||
| 035 | _a(NLR Aleph) 006623223 | ||
| 090 |
_a7472144 _c7472144 |
||
| 100 | _a20110829d1979 |||y0rusy50 ca | ||
| 101 | 0 | _arus | |
| 102 | _aRU | ||
| 105 | _ay z ||||| | ||
| 200 | 1 |
_aАтеистическому воспитанию - высокую эффективность _e(Метод. рекомендации в помощь лекторам и преподавателям нар. ун-тов) _fХарьк. обл. орг. о-ва "Знание" УССР. Науч.-метод. совет по пропаганде науч.-атеист. знаний _g[Сост.: к. филос. н., доц. Белецкий А.П., Прияткина В.А.] |
|
| 210 |
_aХарьков _cБ. и. _d1979 |
||
| 215 |
_a21 с. _d20 |
||
| 320 | _aБиблиогр.: с. 21 | ||
| 702 | 1 |
_aПрияткина _bВ.А. _4220 |
|
| 702 | 1 |
_aБелецкий _bА.П. _4220 |
|
| 712 | 0 | 2 |
_a"Знание", общество УССР _cКиев _bХарьковское областное отделение _3RU\NLR\AUTH\889960572 _9417423 |
| 801 | 0 |
_aRU _bNLR _gpsbo |
|
| 801 | 1 |
_aRU _bELAR _2rusmarc |
|
| 852 |
_aNLR _j80-4/4507 |
||
| 899 |
_aRuMoRGB _jM 80-5/208 |
||
| 942 | _cBOOK | ||
| 980 | _aNB | ||